Yürürlükteki kanunlar külliyatı (Record no. 9939)
[ view plain ]
| 000 -BAŞLIK | |
|---|---|
| Sabit Uzunlukta Kontrol Alanı | 01065na a2200277 4500 |
| 001 - KONTROL NUMARASI | |
| Denetim Alanı | 16847 |
| 003 - KONTROL NUMARASI IDENTIFIER | |
| Denetim Alanı | MIRAKIL |
| 005 - SON İŞLEM TARİHİ VE ZAMANI | |
| Denetim Alanı | 20181213155302.0 |
| 008 - SABİT-BOY VERİ ELEMANLARI - GENEL BİLGİLER | |
| Sabit Uzunlukta Kontrol Alanı | 161015b tu 000 0 |
| 035 ## - SİSTEM KONTROL NUMARASI | |
| Sistem Kontrol Numarası | 16847 |
| 040 ## - KATALOGLAMA KAYNAK | |
| Orijinal Kataloglama Ajansı | Milas |
| Kataloglama Dili | tur |
| Metne Dönüştürmek Ajansı | TR-AnCHP |
| 041 ## - DİL KODU | |
| Metin / Ses Parça Veya Ayrı Başlığın Dil Kodu | tur |
| 082 ## - DEWEY ONLU SINIFLANDIRMA NUMARASI | |
| Sınıflandırma Numarası | 348.022 |
| Ürün Numarası | M38y 1988- |
| 090 ## - SINIFLAMA NUMARASI | |
| Sınıflama Numarası | 348.022 M38y 1988- |
| 110 ## - ANA GİRİŞ - KURUMSAL ADI | |
| Giriş Elemanı Olarak Kurumsal Ad Veya Yargı Alanı Adı | Mevzuatı Geliştirme ve Yayın Genel Müdürlüğü |
| 245 ## - BAŞLIK TABLOSU | |
| Başlık | Yürürlükteki kanunlar külliyatı |
| Sorumluluk Tablosu, Vb | Mevzuatı Geliştirme ve Yayın Genel Müdürlüğü |
| 260 ## - YAYIN, DAĞITIM, VB | |
| Yayın, Dağıtım, Vb Yeri | Ankara |
| Yayıncı, Dağıtıcı, Vs Adı | Başbakanlık |
| Yayın, Dağıtım, Vb Tarihi | 1988- |
| 300 ## - FİZİKSEL TANIM | |
| Kapsam | 7 c. |
| Boyutlar | 25 sm. |
| 500 ## - GENEL NOT | |
| Genel Not | Eserde; bütçe kanunları, anlaşmalar, özel kanunlar, genel af kanunları, Cumhurbaşkanlığından TBMM'ye iade edilen (veto) kanunlar dışında kalan ve halen yürürlükte olan kanunlar bulunmaktadır. |
| 650 ## - KONU KATMA GİRİŞ - TOPİKAL DÖNEM | |
| Topikal Süreli Veya Coğrafi Ad Giriş Elemanı | Hukuk ve mevzuat |
| Kronolojik Alt Bölümü | 20. yüzyıl |
| Coğrafi Alt Bölümü | Türkiye |
| 650 ## - KONU KATMA GİRİŞ - TOPİKAL DÖNEM | |
| Topikal Süreli Veya Coğrafi Ad Giriş Elemanı | Hukuk |
| Genel Alt Bölümü | Yasalar |
| Kronolojik Alt Bölümü | 20. yüzyıl |
| Coğrafi Alt Bölümü | Türkiye |
| 651 ## - KONU KATMA GİRİŞ - COĞRAFİ ADI | |
| Coğrafi İsim | Osmanlı İmparatorluğu |
| Genel Alt Bölümü | Kanunlar |
| 651 ## - KONU KATMA GİRİŞ - COĞRAFİ ADI | |
| Coğrafi İsim | Türkiye |
| Genel Alt Bölümü | Kanunlar |
| 942 ## - EKLENDİ GİRİŞ ELEMANLARI (KOHA) | |
| Sınıflandırma Veya Raf Düzeni Kaynak | |
| Koha Öğesi Türü | Books |
| 999 ## - SİSTEM KONTROL NUMARALARI (KOHA) | |
| Koha Biblionumber | 9939 |
| Koha Biblioitemnumber | 9939 |
| 657 ## - INDEX SÜRE - İŞLEVİ | |
| -- | Yürürlükte olan kanunlar |
| Kalıcı Konum | Mevcut Konum | Edinme Tarihi | Edinim Kaynak | Toplam Check-Out'Lar | Tam Çağrı Numarası | Barkod | Tarih Son Görülme | İtibaren Geçerli Fiyatlar | Koha Öğesi Türü | Seri Numaralandırma / Kronolojik |
|---|---|---|---|---|---|---|---|---|---|---|
| CHP Kütüphanesi | CHP Kütüphanesi | 10/15/2016 | Bağış | 348.022 M38y 1988- | 005328 | 10/15/2016 | 10/15/2016 | Books | ||
| CHP Kütüphanesi | CHP Kütüphanesi | 10/15/2016 | Bağış | 348.022 M38y 1988- | 005329 | 10/15/2016 | 10/15/2016 | Books | ||
| CHP Kütüphanesi | CHP Kütüphanesi | 10/15/2016 | Bağış | 348.022 M38y 1988- | 005330 | 10/15/2016 | 10/15/2016 | Books | c.2 | |
| CHP Kütüphanesi | CHP Kütüphanesi | 10/15/2016 | Bağış | 348.022 M38y 1988- | 005331 | 10/15/2016 | 10/15/2016 | Books | c.3 | |
| CHP Kütüphanesi | CHP Kütüphanesi | 10/15/2016 | Bağış | 348.022 M38y 1988- | 005332 | 10/15/2016 | 10/15/2016 | Books | c.4 | |
| CHP Kütüphanesi | CHP Kütüphanesi | 10/15/2016 | Bağış | 348.022 M38y 1988- | 005333 | 10/15/2016 | 10/15/2016 | Books | c.5 | |
| CHP Kütüphanesi | CHP Kütüphanesi | 10/15/2016 | Bağış | 348.022 M38y 1988- | 005334 | 10/15/2016 | 10/15/2016 | Books | c.6 |
